00992cam a2200265 | 4500003000600000005001700006008004100023020001500064040002100079050002100100100003300121245016200154250001200316260002900328300004000357336002600397337002800423338002700451500009600478650002600574650001600600650001800616700005600634700003600690CaAEU20220328085800.0062580s1975 enk 0 eng l a0713142022 cALUPE UNIVERSITY0 aQR 46b.T67 19751 aTopley, W. W. C.d1886-1944.00aTopley and Wilson's Principles of bacteriology, virology and immunitycby Graham S. Wilson and Ashley Miles. With the help of Elizabeth Asheshov [and others] a6th ed. a[London]bArnoldc[1975] a2 v. (2706, lvi p.)billus.c25 cm. atextbtxt2rdacontent aunmediatedbn2rdamedia avolumebnc2rdacarrier aPrevious editions under title: Topley and Wilson's Principles of bacteriology and immunity. 0aMedical microbiology. 0aImmunology. 0aBacteriology.1 aWilson, Graham S.q(Graham Selby),cSir,d1895-19871 aMiles, Ashley,cSir,d1904-1988